| 000 | 00000nam 2200000za 4500 |
| 001 | 9.846877 |
| 003 | CaOODSP |
| 005 | 20221107153317 |
| 007 | cr ||||||||||| |
| 008 | 171109s1988 onc |o f|0| 0 eng d |
| 040 | |aCaOODSP|beng |
| 043 | |an-cn--- |
| 086 | 1 |aCS11-0019/16E-PDF |
| 100 | 1 |aBollman, Ray D. |
| 245 | 10|aIntegration of Canadian farm and off-farm markets and the off-farm work of women, men and children |h[electronic resource] / |cby Ray D. Bollman and Pamela Smith. |
| 260 | |a[Ottawa] : |bStatistics Canada, |c1988. |
| 300 | |a43, 2 p. |
| 490 | 0 |aResearch paper series ; |vno. 16 |
| 500 | |aIssued also in French under title: Intégration de la ferme au marché extérieur et travail hors ferme des membres des ménages agricoles. |
| 500 | |aDigitized edition from print [produced by Statistics Canada]. |
| 504 | |aIncludes bibliographic references. |
| 520 | |a"To understand the integration of the farm family with the off-farm economy, it is important to analyse the farm business situation separately from the farm family situation. For the farm family, income from off-farm investments and income from off-farm jobs are both becoming relatively more important contributors to farm family income. We note that one off-farm factor - hight interest rates - has had a negative impact on farm business income while simultaneously having a positive impact on the income of some farm families."--Abstract. |
| 692 | 07|2gccst|aFarms |
| 692 | 07|2gccst|aLabour market |
| 710 | 2 |aStatistics Canada. |bAnalytical Studies Branch. |
| 775 | 08|tIntégration de la ferme au marché extérieur et travail hors ferme des membres des ménages agricoles |w(CaOODSP)9.846879 |
| 830 | #0|aResearch paper series (Statistics Canada. Analytical Studies Branch)|vno. 16|w(CaOODSP)9.504421 |
| 856 | 40|qPDF|s5.39 MB|uhttps://publications.gc.ca/collections/collection_2017/statcan/11f0019m/CS11-0019-16-eng.pdf |